El imperio otomano

Enregistré dans:
Détails bibliographiques
Auteur principal: Roger, Antonio (Auteur)
Format: Livre
Langue:espagnol
Publié: Madrid Atlas 1943
Collection:Cisneros, 8
Sujets:
Tags: Ajouter un tag
Pas de tags, Soyez le premier à ajouter un tag!

MARC

LEADER 00000nam a2200000 a 4500
001 UCI6429
003 CL-VaPUC
008 080509e19430000SP |||||||||||||||||spa|d
082 0 4 |a 949.61015  |b ROG  |2 21 
100 0 |a Roger, Antonio  |e author  |9 529347 
245 1 3 |a El imperio otomano 
300 |a 163 p 
942 |c BK 
945 |d 20080509 00:00:00  |a rbrito 
260 |a Madrid  |b Atlas  |c 1943 
500 |a Donación Padres Capuchinos 
600 0 7 |a IMPERIO OTOMANO  |2 CL-VaPUC  |9 529348 
650 7 |a HISTORIA DE TURQUIA  |2 CL-VaPUC  |9 440763 
651 7 |a TURQUIA  |2 CL-VaPUC  |9 343267 
583 |a last modification  |c 20080509 00:00:00  |k Rodrigo Vera 
490 0 |a Cisneros, 8 
999 |c 329940  |d 329938 
952 |0 0  |1 0  |4 0  |6 949_610150000000000_ROG_1943  |7 0  |8 X  |9 415182  |a FDOBUD  |b FDOBUD  |d 2019-11-22  |i 4437713  |o 949.61015 ROG 1943  |p 4437713  |r 2019-11-22  |w 2019-11-22  |y BK_X  |k BUD